Регионална библиотека "Любен Каравелов" - Русе

Песни за солфеж и слухов анализ [нотирана музика] (Запис номер 351496)

MARC детайли
000 -Лидер
Контролно поле с фиксирана дължина ncm a22 a 4500
003 - Код на организацията, давaща контролен номер
Контролно поле BLK
005 - Дата и час на последна редакция
Контролно поле 20200406102457.0
008 - Елементи от данни с фиксирана дължина
fixed length control field 200404b bu ||||| |||| 00| 0 bu d
040 ## - Източник на каталожния запис
Идентификатор на билиотеката - собственик на записа BLK
041 ## - Код за език
Код за езика на текст/звукозапис или на отделно заглавие Български
Код за езика КДБФ Български
080 ## - УДК
Текстов определител УДК Камерна вок. муз. Песни, балади, арии, романси
УДК код - определител по УДК 784.3
УДК - код + определител 784.3
139 ## - Редно поле
Редна дума Песни за солфеж и слухов анализ [нотирана музика]
Авторски знак Пес - П 38
245 ## - Сведения за заглавието
Заглавие Песни за солфеж и слухов анализ [нотирана музика]
257 ## - Страна на издаване
Страна на създаване/издаване България
260 ## - Област на издателските данни
9 (RLIN) 209548
Място на издаване, разпространение и проч. София
Име на издателя, разпространителя и проч. Наука и изкуство
Година на издаване 1968
300 ## - Физическа характеристика
Страници 108 с.
Размери/Мащаб 31 см
380 ## - Жанр
Жанр Изкуство
650 #7 - Допълнително описание по предмет – тема
9 (RLIN) 171331
Основно описание – тема или топоним Солфеж
650 #7 - Допълнително описание по предмет – тема
9 (RLIN) 166108
Основно описание – тема или топоним Песни
650 #7 - Допълнително описание по предмет – тема
9 (RLIN) 164351
Основно описание – тема или топоним Ноти
653 #7 - Ключова дума – ненормативна
9 (RLIN) 196914
Ключова дума солфежи
653 #7 - Ключова дума – ненормативна
9 (RLIN) 193581
Ключова дума песни
653 #7 - Ключова дума – ненормативна
9 (RLIN) 192444
Ключова дума ноти
852 ## - Местоположение
Форматна сигнатура Цб М ІІ 4819
Фондова буква Отдел Изкуство - подръчен фонд
999 ## - СИСТЕМНИ КОНТРОЛНИ НОМЕРА
Koha biblionumber 351496
Koha biblioitemnumber 351496
942 ## - АРТИКУЛИ
Вид на библиотечния материал Нотни издания
Скрит в OPAC Не
Периодичен библиозапис Да
944 ## - СЪЗДАВАНЕ И РЕДАКЦИЯ на ЗАПИСА
Дата на регистрацията/редакция 2020-04-04
Служител, извършил регистрацията/редакцията Валентина Караджова
999 ## - СИСТЕМНИ КОНТРОЛНИ НОМЕРА
Koha biblioitemnumber 351496
Наличности
Код за отписване Код за изгубен артикул Източник на класификационната схема Код за повреда Коз за рестрикции Код за отдаване Артикулен № Име на библиотеката - собственик Име на библиотеката, в която се намира в момента Статус (Текущо местоположение) Дата на вписване в системата Местоположение - отдел Цена в лева Инвентарен номер Систематично азбучна сигнатура Баркод Цена в евро Служебен тип на артикула
Изтеглен Не е изгубен Universal Decimal Classification Не е повреден без рестрикции заемане за дома 758809 Регионална библиотека "Любен Каравелов" Русе Регионална библиотека "Любен Каравелов" Русе Отдел Изкуство - подръчен фонд 2020-04-06 Отдел Изкуство - подръчен фонд 4.13 17347/68 784/П 38 900000004241 2.11 Нотни издания
  Не е изгубен Universal Decimal Classification Не е повреден   заемане за дома 758810 Регионална библиотека "Любен Каравелов" Русе Регионална библиотека "Любен Каравелов" Русе Отдел Изкуство - подръчен фонд 2020-04-06 Отдел Изкуство - подръчен фонд 4.13 17348/68 784/П 38 900000004240 2.11 Нотни издания
Vip Innovations Ltd, Rousse, Bulgaria 2025